000 00306nam a2200097Ia 4500
005 20250424112858.0
008 250424s9999 xx 000 0 und d
300 _avi, 129 p. :ill. ; 22 cm.
650 _aSchool management and organization--Nigeria--Periodicals. Education--Nigeria--Periodicals.
942 _cSR
999 _c37660
_d37660